000 00673nam a2200205Ii 4500
003 JO-AjNU
008 230605s9999||||xx |||||||||||||| ||und||
017 _a660
040 _aJO-AjNU
_bara
_erda
_cJO-AjNU
041 _aara
050 1 4 _aQC415.S246 1982
100 3 _aصالح ، سامي مظلوم,
_eauthor
_934682
245 0 0 _aفيزياء الحيود = Difraction physics
264 3 1 _aالعراق:وزارة التعليم العالي ، 1982
300 _a137ص
336 _atext
_btxt
_2rdacontent
337 _aunmediated
_bn
_2rdamedia
338 _avolume
_bnc
_2rdacarrier
650 4 _aانكسار الضوء-الموجات الضوئية
_934683
999 _aA14245
_c17813
_d17813